The carbohydrate addict's lifespan program : (Record no. 7860)
[ view plain ]
| 000 -LEADER | |
|---|---|
| fixed length control field | 00653cam a2200181 a 4500 |
| 020 ## - INTERNATIONAL STANDARD BOOK NUMBER | |
| ISBN | 0525941746 (acidfree paper) |
| 050 00 - CALL NUMBER | |
| Classification number | RM237.73 |
| Item number | .H453 |
| 100 1# - AUTHOR | |
| Personal name | Heller, Richard F. |
| 245 14 - TITLE | |
| Title | The carbohydrate addict's lifespan program : |
| Remainder of title | personalized plan for becoming slim, fit & healthy in your 40s, 50s, 60s & beyond / |
| Statement of responsibility, etc | Richard F. Heller and Rachael F. Heller. |
| 260 ## - PUBLICATION INFORMATION | |
| Place of publication | New York : |
| Name of publisher | Dutton, |
| Year of publication | c1997. |
| 300 ## - DESCRIPTION | |
| Number of Pages | xviii, 475 p. : |
| Other physical details | ill. ; |
| Dimensions | 24 cm. |
| 650 #0 - SUBJECTS | |
| Topical Term | Low-carbohydrate diet. |
| 650 #0 - SUBJECTS | |
| Topical Term | Health. |
| 650 #0 - SUBJECTS | |
| Topical Term | Physical fitness. |
| 650 #0 - SUBJECTS | |
| Topical Term | Middle-aged persons |
| General subdivision | Health and hygiene. |
| 700 1# - OTHER AUTHORS | |
| Personal name | Heller, Rachael F. |
| 942 ## - ADDED ENTRY ELEMENTS (KOHA) | |
| Koha item type | Books |
| Withdrawn status | Lost status | Home library | Current library | Date acquired | Full call number | Accession Number | Koha item type |
|---|---|---|---|---|---|---|---|
| Methodist University Library Wenchi Nursing | Methodist University Library Wenchi Nursing | 15/10/2021 | RM237.73 .H453 | 6363 | Books |